000 01259nam a2200325 a 4500
001 ebr10351544
003 CaPaEBR
006 m u
007 cr cn|||||||||
008 080627s2008 at s 001 0 eng d
010 _z 2008411589
020 _z9780868408316 (pbk.)
040 _aCaPaEBR
_cCaPaEBR
035 _a(OCoLC)646875683
043 _au-at---
050 1 4 _aBX1685
_b.C64 2008eb
082 0 4 _a282.94
_222
100 1 _aCollins, Paul,
_d1940-
245 1 0 _aBelievers
_h[electronic resource] :
_bdoes Australian Catholicism have a future? /
_cPaul Collins.
260 _aSydney, N.S.W. :
_bUNSW Press,
_c2008.
300 _axiii, 190 p.
500 _aIncludes index and bibliographic references (p. 176-185).
533 _aElectronic reproduction.
_bPalo Alto, Calif. :
_cebrary,
_d2013.
_nAvailable via World Wide Web.
_nAccess may be limited to ebrary affiliated libraries.
610 2 0 _aCatholic Church
_zAustralia.
610 2 0 _aCatholic Church
_zAustralia
_vControversial literature.
650 0 _aCatholics
_zAustralia.
655 7 _aElectronic books.
_2local
710 2 _aebrary, Inc.
856 4 0 _uhttp://site.ebrary.com/lib/rucke/Doc?id=10351544
_zAn electronic book accessible through the World Wide Web; click to view
999 _c45933
_d45933